000 00463nam a2200169Ia 4500
003 GCL
008 140319s9999 xx 000 0 ara d
040 _aGCL /
_cGCL
082 0 4 _a811.094
_bم ش
100 1 _aمحمد حجى
245 1 0 _aشمال يمين /
_cمحمد حجى
260 _a[S.N] :
_bدار المستقبل العربى ،
_c1987
490 _a
650 0 4 _aالشعر العربى
650 0 4 _aالادب العربى
942 _2ddc
_cBK
999 _c35027
_d35027